History and beyond : (Record no. 89843)
[ view plain ]
| 000 -LEADER | |
|---|---|
| fixed length control field | 01235nam a22002657a 4500 |
| 005 - DATE AND TIME OF LATEST TRANSACTION | |
| control field | 20141204122657.0 |
| 010 ## - LCCN (DPL NO) | |
| LC control number | ENG-111141 |
| 020 ## - INTERNATIONAL STANDARD BOOK NUMBER | |
| Terms of availability | 950.00 |
| International Standard Book Number | 9789382420385 |
| 035 ## - SYSTEM CONTROL NUMBER | |
| System control number | EN-94673 |
| 037 ## - SOURCE OF ACQUISITION | |
| Source of stock number/acquisition | DBAD/PUB |
| 082 ## - DEWEY DECIMAL CLASSIFICATION NUMBER | |
| Classification number | 304.20954 |
| 245 ## - TITLE STATEMENT | |
| Title | History and beyond : |
| Statement of responsibility, etc | edited by Jenia Mukherjee [and] Chittabrata Palit |
| Remainder of title | trends and trajectories / |
| 260 ## - PUBLICATION, DISTRIBUTION, ETC. (IMPRINT) | |
| Place of publication, distribution, etc | New Delhi |
| Name of publisher, distributor, etc | Kunal Books |
| Date of publication, distribution, etc | 2014 |
| 270 ## - ADDRESS | |
| City | New Delhi |
| Postal code | 110002 |
| Address | 4648/21, First Floor, Ansari Road, Daryaganj |
| 300 ## - PHYSICAL DESCRIPTION | |
| Extent | xii, 299p. : |
| Dimensions | 23cm(Hb) |
| Other physical details | ill.,maps |
| 500 ## - GENERAL NOTE | |
| General note | Includes bibliographical references and index. |
| 505 ## - FORMATTED CONTENTS NOTE | |
| Formatted contents note | section 1. Gender and cultural studies -- section 2. Environmental history and literature -- section 3. Military and radical history -- section 4. Tribal history and labour studies -- section 5. Various aspects of contemporary history. |
| 520 ## - SUMMARY, ETC. | |
| Summary, etc | Papers presented at a seminar held at Jadavpur University in July 2012. |
| 650 ## - SUBJECT ADDED ENTRY--TOPICAL TERM | |
| Topical term or geographic name as entry element | Human ecology |
| Geographic subdivision | India |
| General subdivision | History |
| Form subdivision | Congresses. |
| 650 ## - SUBJECT ADDED ENTRY--TOPICAL TERM | |
| Topical term or geographic name as entry element | Human ecology |
| Geographic subdivision | India |
| -- | West Bengal . |
| General subdivision | History |
| Form subdivision | Congresses |
| 650 ## - SUBJECT ADDED ENTRY--TOPICAL TERM | |
| Topical term or geographic name as entry element | Women |
| Geographic subdivision | India |
| General subdivision | Social conditions |
| 700 ## - ADDED ENTRY--PERSONAL NAME | |
| Personal name | Mukherjee, Jenia |
| 700 ## - ADDED ENTRY--PERSONAL NAME | |
| Personal name | Palit, Chittabrata |
| 942 ## - ADDED ENTRY ELEMENTS (KOHA) | |
| Source of classification or shelving scheme | Dewey Decimal Classification |
| Item type | English Books |
| Call number suffix | HIS |
| Classification part | 304.20954 |
| Withdrawn status | Lost status | Not for loan | Collection code | Home library | Current library | Date acquired | Source of acquisition | Cost, normal purchase price | Full call number | Barcode | Copy number | Cost, replacement price | Koha item type |
|---|---|---|---|---|---|---|---|---|---|---|---|---|---|
| Not For Loan | Non-fiction | D.B.Act.Division | D.B.Act.Division | 10/11/2014 | DBAD/PUB | 950.00 | 304.20954 HIS | EN-94673 | 1 | 950.00 | English Books |
